Indikátory kapitálového trhu - indexy RENTIA.

Pokračovanie v sérii článkov venovaných indikátorom kapitálového trhu. Prvá časť uverejnená v THN č. 35/1991. Uvedenie projektu čs. indikátorov kapitálového trhu, s ktorým prichádza firma RENTIA, a.s., v spolupráci s VŠE Bratislava. Náčrt etáp praktickej realizácie projektu.

Gespeichert in:
Bibliographische Detailangaben
1. Verfasser: Sivák, Rudolf, 1955-
Format: Buchkapitel
Sprache:Slowakisch
Schlagworte:
Tags: Tag hinzufügen
Keine Tags, Fügen Sie das erste Tag hinzu!

MARC

LEADER 00000naa a2200000 4500
001 r005950
005 20240502083120.5
041 0 |a slo 
044 |a [CS] 
245 1 0 |a Indikátory kapitálového trhu - indexy RENTIA.  |c Rudolf Sivák 
520 |a Pokračovanie v sérii článkov venovaných indikátorom kapitálového trhu. Prvá časť uverejnená v THN č. 35/1991. Uvedenie projektu čs. indikátorov kapitálového trhu, s ktorým prichádza firma RENTIA, a.s., v spolupráci s VŠE Bratislava. Náčrt etáp praktickej realizácie projektu. 
610 2 0 |a trh kapitálový 
610 2 0 |a Rentia, a.s. 
610 2 0 |a akcie 
610 2 0 |a spoločnosti akciové 
610 2 0 |a indexy 
610 2 0 |a RENTIA-start 
610 2 0 |a Československo 
100 1 |a Sivák, Rudolf, 1955-